20个最知名的朝鲜城市 - Statistics

General Stats
  • This quiz has been taken 96 times
  • The average score is 8 of 21
Answers on the Map
Answers color-coded by a green-red scale on the quiz's map according to % correct below.
 
Answer Stats
维基百科月均浏览数 Cityquiz提及率 人口 Answers % Correct
140.48K 63.83% 252.18万 平壤
100%
7.88K 1.64% 33.40万 新义州
87%
28.61K 3.49% 19.26万 开城
79%
9.72K 0.57% 15.83万 罗先
65%
9.84K 5.94% 70.36万 咸兴
54%
9.35K 3.49% 61.49万 清津
54%
11.54K 4.10% 32.85万 元山
47%
6.30K 2.22% 31.05万 南浦
46%
3.47K 1.16% 24.16万 海州
38%
2.84K 1.23% 27.14万 沙里院
38%
1.55K 0.36% 11.00万 义州
29%
1.21K 0.68% 16.76万 安州
29%
4.10K 0.86% 17.40万 惠山
27%
2.05K 0.79% 25.20万 江界
27%
2.29K - 2.56万 三池渊
20%
1.78K 0.68% 23.66万 平城
20%
1.95K - 15.53万 金策
16%
2.30K 0.57% 45.00万 兴南
12%
1.19K - 26.24万 价川
11%
1.92K 0.24% 9.25万 会宁
9%
1.19K 0.13% 10.27万 清州
7%
No matching quizzes found
Score Distribution
Percent of People with Each Score
Percentile by Number Answered
Your Score History
You have not taken this quiz